Эволюционный подход к извлечению знаний из реляционных баз данных в корпоративных информационных системах; Информационные технологии; № 9

書目詳細資料
Parent link:Информационные технологии: теоретический и прикладной научно-технический журнал.— , 2000-
№ 9.— 2004.— С. 19-27
主要作者: Богатырев М. Ю.
其他作者: Ковалев Д. А., Евсюков В. В.
語言:俄语
出版: 2004
叢編:Интеллектуальные системы
主題:
格式: Book Chapter
KOHA link:https://koha.lib.tpu.ru/cgi-bin/koha/opac-detail.pl?biblionumber=394415

MARC

LEADER 00000naa2a2200000 4500
001 394415
005 20231101064512.0
035 |a (RuTPU)RU\TPU\prd\31139 
090 |a 394415 
100 |a 20041217a2004 k y0rusy50 ca 
101 0 |a rus 
102 |a RU 
200 1 |a Эволюционный подход к извлечению знаний из реляционных баз данных в корпоративных информационных системах  |f М. Ю. Богатырев, Д. А. Ковалев, В. В. Евсюков 
225 1 |a Интеллектуальные системы 
320 |a Библиогр.: 8 назв. 
461 1 |0 (RuTPU)RU\TPU\prd\1520  |t Информационные технологии  |o теоретический и прикладной научно-технический журнал  |d 2000- 
463 1 |0 (RuTPU)RU\TPU\prd\28921  |t № 9  |v С. 19-27  |d 2004 
610 1 |a реляционные базы данных 
610 1 |a корпоративные информационные системы 
610 1 |a формализация 
610 1 |a ассоциативные правила 
610 1 |a классификация 
610 1 |a эволюционный подход 
610 1 |a алгоритмические решения 
610 1 |a принятие решений 
675 |a 336.71:519.24  |v 3 
700 1 |a Богатырев  |b М. Ю. 
701 1 |a Ковалев  |b Д. А. 
701 1 |a Евсюков  |b В. В. 
801 1 |a RU  |b 63413507  |c 20041217  |g PSBO 
801 2 |a RU  |b 63413507  |c 20130508  |g RCR 
942 |c BK